000 00626nam a2200217 a 4500
999 _c2612
_d2612
001 2612
003 BD-JhCC
005 20171105162915.0
008 171105s1967 bg |||| ||a| 000 0 ben d
035 _a(BD-JhCC)2612
040 _aBD-JhCC
_dBD-JhCC
041 _aben
082 _a891.443
_bISL 1967
100 _aইসলাম, জহিরুল
245 _aঅন্য নায়ক /
_cজহিরুল ইসলাম
260 _aঢাকা :
_b১৭১, গভ: নিউ মার্কেট,
_c1967.
300 _a423 p. :
_c21 cm.
650 _aBengali Novel
942 _2ddc
_cBK